000 00752nam a2200241 a 4500
001 52406
003 BD-RjUL
005 20211209075812.0
008 160920s1964 nyua b 001 0 eng
035 _a(BD-RjUL)52526
040 _aDLC
_cWSU
_dSER
_dOCL
_dUKM
_dEQO
_dBD-RjUL
_beng
041 _aeng
082 _a519.92
_223
_bLOL 1964
100 1 0 _aLoomba, N. Paul
_q(Narendra Paul),
_d1927-
_9156784
245 1 0 _aLinear programming :
_ban introductory analysis /
_cN. Paul Loomba.
250 _aT M H ed.
260 _aNew York :
_bMcGraw-Hill,
_cc1964
300 _axvi, 284 p. :
_bill. ;
_c23 cm.
650 0 _aLinear programming.
_9137980
650 0 _aIndustrial management
_xMathematical models.
_9131027
942 _2ddc
_cBK
999 _c52406
_d52406